Mainstreaming biodiversity in agricultural development : (Registro nro. 1240)

Detalles MARC
000 -CABECERA
Campo de control 01114cam a2200289 a 4500
005 - FECHA Y HORA DE LA ULTIMA TRANSACCION
Campo de control 20171117082737.0
008 - ELEMENTOS DE LONGITUD FIJA—INFORMACION GENERAL
Campo de control 970106s1997 dcua b i000 0 eng
020 ## - ISBN
ISBN 0821338846
040 ## - FUENTE DE CATALOGACIÓN
Agencia catalogadora original DLC
Agencia transcriptora DLC
Agencia Modificadora AGL
-- CO-BoIAVH
041 0# - IDIOMA
Código de idioma para texto/pista de sonido o título separado Inglés
044 ## - PAÍS DE PUBLICACIÓN
País de publicación Estados Unidos
082 00 - NUMERO DE CLASIFICACION DECIMAL DEWEY
Número de clasificación 333.9516
Número del ítem P13m
100 1# - ASIENTO PRINCIPAL--NOMBRE PERSONAL
Nombre personal Pagiola, Stefano
Término relacionado autor
9 (RLIN) 8353
245 10 - MENCION DE TITULO
Título Mainstreaming biodiversity in agricultural development :
Parte restante del título toward good practice /
Mención de responsabilidad Stefano Pagiola, John Kellenberg ; con Lars Vidaeus y Jitendra Srivastava.
260 ## - PUBLICACION, DISTRIBUCION, ETC. (PIE DE IMPRENTA)
Lugar de publicación, distribución, etc. Washington, D.C. (EE.UU.) :
Nombre del editor, distribuidor, etc. World Bank,
Fecha de publicación, distribución, etc. c1997.
300 ## - DESCRIPCION FISICA
Extensión x, 50 páginas ;
Dimensiones 28 x 22 cm.
490 0# - MENCION DE SERIE
Mención de serie World Bank environment paper ;
Designación numérica/secuencial del volumen no. 15
490 0# - MENCION DE SERIE
Mención de serie Global overlays program
504 ## - NOTA DE BIBLIOGRAFIA, ETC.
Nota de bibliografía Includes bibliographical references (p. 48-50).
650 26 - ASIENTO SECUNDARIO DE MATERIA - TERMINO TEMATICO
Término temático o nombre geográfico como elemento de entrada Agricultura alternativa
9 (RLIN) 86981
650 26 - ASIENTO SECUNDARIO DE MATERIA - TERMINO TEMATICO
Término temático o nombre geográfico como elemento de entrada Conservación de la diversidad biológica
9 (RLIN) 86982
650 26 - ASIENTO SECUNDARIO DE MATERIA - TERMINO TEMATICO
Término temático o nombre geográfico como elemento de entrada Agricultura
Subdivisión general Aspectos económicos
9 (RLIN) 86983
650 26 - ASIENTO SECUNDARIO DE MATERIA - TERMINO TEMATICO
Término temático o nombre geográfico como elemento de entrada Desarrollo agrícola
Subdivisión general Proyectos de desarrollo
9 (RLIN) 86984
700 1# - ASIENTO SECUNDARIO - NOMBRE PERSONAL
Nombre personal Kellenberg, John
Término de relación autor
9 (RLIN) 11276
710 2# - ASIENTO SECUNDARIO - NOMBRE CORPORATIVO
Nombre corporativo o de jurisdicción como elemento de entrada The world bank
9 (RLIN) 86985
942 ## - ELEMENTOS ADICIONALES (KOHA)
Sistema de clasificación Dewey Decimal Classification
Tipo de ítem Libro
Existencias
Withdrawn status Lost status Sistema de Clasificación Damaged status No para préstamo Colección Inventariado Ubicación Permanente Ubicación actual Fecha de adquisición Fuente de Valor Valor Total Checkouts Número topográfico Inventario / Código de Barras Date last seen Ejemplar Price effective from Forma de adquisición Tipo de material
    Dewey Decimal Classification     General Inventariado 2017 Sala Fabio Quevedo Sala Fabio Quevedo 25/04/1999 Instituto 39000.00   LB-333.9516 P13m 001677 04/12/2012 Ej. 1 04/12/2012 Donación Libro